| 000 | 00798nam a2200229Ia 4500 | ||
|---|---|---|---|
| 003 | GCL | ||
| 008 | 140319s9999 xx 000 0 ara d | ||
| 020 | _a7230287977 | ||
| 040 |
_aGCL / _cGCL |
||
| 082 | 0 | 4 |
_a690.1832 _bس ت |
| 100 | 1 | _aسعيد على خطاب | |
| 245 | 1 | 0 |
_aالتصميم المعمارى والانشائى للسلالم باستخدام SAP 2000 / _cسعيد على خطاب |
| 700 | 1 | _aايمن حلمى | |
| 250 | _aالاولى | ||
| 260 |
_aالقاهرة : _bدار الكتب العلمية للنشر والتوزيع ، _c2002 |
||
| 300 |
_a191 ص ؛ _c24 سم |
||
| 650 | 0 | 4 | _aالسلالم الخرسانية |
| 650 | 0 | 4 | _aالانشاءات المعمارية |
| 650 | 0 | 4 | _aالسلالم |
| 650 | 0 | 4 | _aالسلالم - عمارة |
| 942 |
_2ddc _cBK |
||
| 999 |
_c10164 _d10164 |
||